Central Library OPAC University of Rajshahi

An American rhetoric / (Record no. 76488)

MARC details
000 -LEADER
fixed length control field 00717nam a2200253 a 4500
001 - CONTROL NUMBER
control field 76488
003 - CONTROL NUMBER IDENTIFIER
rucl marc code BD-RjUL
005 - DATE AND TIME OF LATEST TRANSACTION
control field 20211209082841.0
008 - FIXED-LENGTH DATA ELEMENTS--GENERAL INFORMATION
fixed length control field 191211r19541952nyua 000 0 eng
035 ## - SYSTEM CONTROL NUMBER
System control number (BD-RjUL)76710
System control number (OCoLC)2635067
040 ## - CATALOGING SOURCE
Original cataloging agency DLC
Transcribing agency OTU
Modifying agency OCoLC
-- DLC
Language of cataloging eng
041 ## - LANGUAGE CODE
Language code of text/sound track or separate title eng
042 ## - AUTHENTICATION CODE
Authentication code premarc
082 ## - DEWEY DECIMAL CLASSIFICATION NUMBER
Edition number 23
Classification number 808
Author mark and year WAA 1954
100 1# - MAIN ENTRY--PERSONAL NAME
Personal name Watt, William Whyte,
Dates associated with a name 1912-
9 (RLIN) 236316
245 13 - TITLE STATEMENT
Title An American rhetoric /
Statement of responsibility, etc. William W. Watt
260 ## - PUBLICATION, DISTRIBUTION, ETC. (IMPRINT)
Place of publication, distribution, etc. New York :
Name of publisher, distributor, etc. Rinehart,
Date of publication, distribution, etc. c1952 [printing 1954]
300 ## - PHYSICAL DESCRIPTION
Pagination 440 p.:
Illustrations illus.;
Size 21 cm.
650 #0 - SUBJECT ADDED ENTRY--TOPICAL TERM
Topical term or geographic name as entry element English language
Geographic subdivision United States
General subdivision Rhetoric.
9 (RLIN) 236317
942 ## - ADDED ENTRY ELEMENTS (KOHA)
Source of classification or shelving scheme Dewey Decimal Classification
Koha item type Books
Holdings
Lost status Source of classification or shelving scheme Damaged status Not for loan Collection code Permanent Location Current Location Shelving location Date acquired Source of acquisition Total Checkouts Full call number Date last seen Copy number Koha item type
  Dewey Decimal Classification   Not For Loan Non-fiction Central Library, University of Rajshahi Central Library, University of Rajshahi Reading Room 01/10/1969 Asia Foundation   808 WAA 1954 11/12/2019 C-1 Books